00555nam a22001817a 450000500170000001000140001702000260003103500130005703700130007008200110008310000170009424501030011126000390021427000470025330000320030050000190033270000220035120100806104449.0 aENG-98709 c795.00a9788180481482 aEN-82241 bDBAD/PUB a954.12 aMehta, V. P. aRock garden :cby V. P. Mehta [and] Nek Chand Sainiba vision of creativity memoirs of nek chand / aChandigarhbArun Pub. House c2010 aSCO 49-51, Sector-17C,bChandigarhe160017 a95 p. :c20 cm. (Pbk)bill. aIncludes index aSaini, Nek Chand